000
00324nam a2200145Ia 4500
008
150301s2015 xx 000 0 und d
082
_a
612.015
_b
D14A
100
_a
DEEPAK ARORA
245
_a
DICTIONARY OF CHEMISTRY
250
_a
2ND
260
_b
AITBS DELHI
300
_a
380
650
_a
DICTIONARY
942
_2
ddc
_c
BK
999
_c
7197
_d
7197